Most Viewed Deceased People on Wikipedia - Statistics

General Stats
  • This quiz has been taken 1,124 times
  • The average score is 13 of 33
Answer Stats
Views Hint Answer % Correct
115 m Dictator Adolf Hitler
94%
127 m Musician Michael Jackson
87%
82 m Physicist Albert Einstein
78%
73 m Playwright William Shakespeare
66%
99 m Entrepreneur Steve Jobs
60%
78 m Politician John F. Kennedy
59%
69 m Musician Elvis Presley
58%
57 m Politician George Washington
58%
86 m Politician Abraham Lincoln
55%
67 m Royal Princess Diana
53%
73 m Royal Queen Victoria
48%
67 m Politician Winston Churchill
43%
61 m Royal Henry VIII
40%
65 m Musician Prince
39%
93 m Physicist Stephen Hawking
39%
71 m Criminal Ted Bundy
38%
99 m Musician Freddie Mercury
36%
64 m Politician Ronald Reagan
36%
83 m Athlete Kobe Bryant
34%
68 m Actor Marilyn Monroe
34%
58 m Artist Leonardo da Vinci
33%
79 m Musician Tupac Shakur
29%
74 m Criminal Pablo Escobar
26%
61 m Nationalist Mahatma Gandhi
25%
66 m Royal Prince Philip
22%
71 m Athlete Muhammad Ali
21%
65 m Musician David Bowie
20%
69 m Criminal Charles Manson
19%
65 m Actor Heath Ledger
18%
60 m Politician Nelson Mandela
17%
58 m Actor Robin Williams
16%
58 m Musician Bob Marley
11%
69 m Actor Bruce Lee
9%
No matching quizzes found
Score Distribution
Percent of People with Each Score
Percentile by Number Answered
Your Score History
You have not taken this quiz